000 00835nam a2200193Ii 4500
003 JO-AjNU
008 230605s9999||||xx |||||||||||||| ||und||
040 _aJO-AjNU
_bara
_erda
_cJO-AjNU
041 _aara
050 1 4 _aBP130.M3434 1998
100 3 _aمخلوف، حسنين محمد، م. مشارك ابي زكريا يحيى بن شرف الدين النووي الشافعي,
_eauthor
_926893
245 0 0 _a المصحف المفسر: تفسير وبيان كلمات القرآن الكريم: مذيلا به التبيان في آداب حملة القرآن
264 3 1 _aدمشق: عالم القرآن الكريم، 1998
300 _a604ص
336 _atext
_btxt
_2rdacontent
337 _aunmediated
_bn
_2rdamedia
338 _avolume
_bnc
_2rdacarrier
650 4 _aالقران الكريم -- تفسير
_926894
999 _aA10246
_c13814
_d13814